| 000 | nam a22 a 4500 | ||
|---|---|---|---|
| 999 |
_c193849 _d193849 |
||
| 003 | BLK | ||
| 005 | 20201013124035.0 | ||
| 008 | 180411b bul|||||r ||||||| ||bul|| | ||
| 010 | _aKNG00203071000 | ||
| 040 | _aBLK | ||
| 041 |
_aBUL _cBUL |
||
| 080 |
_aБългарски език _b811.163.2 _x(038) _z811.163.2(038) |
||
| 139 |
_aГеров, Найден _bГ 41 |
||
| 245 | 1 | 0 |
_aРечник на българский язик _bС тълкувание речите на български и руски : Ч. 1 - 5 _cсъбр. и наредил Найден Геров. _nЧ. 3 |
| 257 | _aBGR | ||
| 260 |
_c1895 - _fПловдив : друж. печ. Съгласие _aПловдив |
||
| 300 | _c27 см | ||
| 380 | _a80 | ||
| 490 |
_9435080 _aКолекция Редки и ценни издания |
||
| 500 | _aПълното име на авт. е Найден Геров Хаджиберович.Екз. с Инв. № 120000809654 подв. към т. 1 със сигн. Рб 895 и инв. № 8578/58. Екз. с Инв. № 120000809656 подв. към т. 1 със сигн. Рб 895 и инв. № 33158-І. | ||
| 650 | 4 |
_aБългарски език - речници _9243548 |
|
| 700 | 1 |
_aГеров, Найден _eсъбр. и наредил _9373791 |
|
| 760 | 1 |
_d1899 _hІV, 440 с. _tЧ. 3 |
|
| 852 |
_aРб 1895 _bРц |
||
| 856 | 4 | _qpdf | |
| 856 | 4 | _qpdf | |
| 942 |
_cKNG _n0 _s1 |
||
| 944 |
_aCR _c15.03.2017 _kГеновева_Генчева |
||
| 944 |
_aED _c30.03.2017 _kПенка_Димитрова |
||
| 999 | _d193849 | ||